01212nam a2200313 a 450000100060000000300080000600500170001400800410003102000150007203500190008704000370010604100080014308200260015110000340017724501990021126000400041030000280045050000200047850400300049865000280052865000380055665000360059465000350063070000290066571000530069494200120074799900170075995201220077667828BD-RjUL20211209081710.0170329s1986 nyu b 001 0 eng c a0898626706 a(BD-RjUL)68037 aDNLM/DLCcDLCdDLCdBD-RjULbeng aeng00223a150.195bWEP 19861 aWeiss, Joseph.d1924-920108114aThe psychoanalytic process :btheory, clinical observation, and empirical research /cJoseph Weiss, Harold Sampson, and the Mount Zion Psychotherapy Research Group ; foreword by Morris N. Eagle. aNew York :bGuilford Press,cc1986. axxiii, 423 p. ;c24 cm. aIncludes index. aBibliography: p. 405-413. 0aPsychoanalysis.9117923 0aPsychoanalysisxResearch.9201082 2aPsychoanalytic Therapy.9201083 2aPsychoanalytic Theory.92010841 aSampson, Harold.92010852 aMount Zion Psychotherapy Research Group.9201086 2ddccBK c67828d67828 00102ddc40718NFICaRUCLbRUCLcReadingd1990-07-09l0o150.195 WEP 1986r2017-03-29 00:00:00tC-1w2017-03-29yBK